| 000 | 00491 a2200157 4500 | ||
|---|---|---|---|
| 999 |
_c329835 _d329835 |
||
| 001 | 89915 | ||
| 003 | NUST | ||
| 005 | 20170523140440.0 | ||
| 008 | 170523b xxu||||| |||| 00| 0 eng d | ||
| 020 | _a9786964025223 | ||
| 040 | _cDLC | ||
| 082 | _a823.92 MON | ||
| 100 |
_aMoni Mohsin _91348 |
||
| 245 |
_aThe Diary of a social butterfly _hEnglish |
||
| 260 |
_aLahore _bVanguard Books _c2009 |
||
| 300 | _ax, 230p. | ||
| 500 | _aGeneral Books | ||
| 942 |
_aCAE NUST _k823.92 MON _2ddc _cBK |
||